|
|
|
|
| LEADER |
01806nem a2200409 a 4500 |
| 001 |
001357700 |
| 003 |
CZ BrMZK |
| 005 |
20171128155417.0 |
| 007 |
aj|canzn |
| 008 |
111208s1951 xr ceg cp a 0| cze d |
| 034 |
1 |
|
|a a
|b 24000000
|d W0171430
|e E0513745
|f N0435115
|g S0370323
|
| 040 |
|
|
|a BOA001
|b cze
|
| 043 |
|
|
|a f------
|
| 072 |
|
7 |
|a 913(6)
|x Geografie Afriky, reálie, cestování
|2 Konspekt
|9 7
|
| 072 |
|
7 |
|a 912
|x Mapy. Atlasy. Glóby
|2 Konspekt
|9 7
|
| 080 |
|
|
|a (6)
|2 MRF
|
| 080 |
|
|
|a (084.3)371.673
|2 MRF
|
| 080 |
|
|
|a (084.3)
|2 MRF
|
| 100 |
1 |
|
|a Kuchař, Karel,
|d 1906-1975
|7 jk01070727
|4 ctg
|
| 245 |
1 |
0 |
|a Afrika
|h [kartografický dokument] /
|c podle nástěnné mapy Afriky upravil Karel Kuchař
|
| 250 |
|
|
|a 2. změněné vyd.
|
| 255 |
|
|
|a Měřítko 1:24 000 000 ;
|b polykonická metoda
|c (017°14´30" z.d.--051°37´45" v.d./043°51´15" s.š.--037°03´23" j.š.)
|
| 260 |
|
|
|a Praha :
|b Státní nakladatelství učebnic,
|c 1951
|f (Státní zeměměřický a kartografický ústav)
|
| 300 |
|
|
|a 1 mapa :
|b barev. ;
|c 40 x 31 cm, na listu 49 x 40 cm
|
| 500 |
|
|
|a Čís. výr. 371/51
|
| 500 |
|
|
|a Při dolním okraji 3 doplňkové mapy
|
| 505 |
2 |
0 |
|t Politický přehled Afriky --
|t Ostrovy kapverdské --
|t Maskareny
|
| 651 |
|
7 |
|a Afrika
|7 ge137148
|2 czenas
|
| 655 |
|
7 |
|a školní mapy
|7 fd133894
|2 czenas
|
| 655 |
|
4 |
|a obecně zeměpisné mapy
|
| 710 |
2 |
|
|a Státní nakladatelství učebnic (Praha, Česko)
|4 pbl
|
| 710 |
2 |
|
|a Státní zeměměřický a kartografický ústav
|4 prt
|
| 856 |
4 |
1 |
|u http://www.digitalniknihovna.cz/mzk/uuid/uuid:c77dff30-b479-4338-9ac9-c30d973a610b
|y Digitalizovaný dokument
|
| 910 |
|
|
|a BOA001
|b Skř.9A-0295.634
|
| 990 |
|
|
|a MP
|
| 991 |
|
|
|b 201401
|
| 996 |
6 |
|
|b 2619614769
|c Skř.9A-0295.634
|l MZK
|r Sklad / do 24 hodin
|n 0
|w 001392249
|u 000010
|a 1
|e BOA001
|j MZK50
|s P
|